书目信息 |
| 题名: |
凌濛初全集
|
|
| 作者: | 魏同贤 , 安平秋 主编 | |
| 分册: | 柒 《世说新语鼓吹》 | |
| 出版信息: | 南京 凤凰出版社 2010.12 |
|
| 页数: | 635页 | |
| 开本: | 22cm | |
| 丛书名: | ||
| 单 册: | ||
| 中图分类: | C52 , I242.1 | |
| 科图分类: | ||
| 主题词: | 笔记小说--小说集--中国--明代 , 笔记小说 | |
| 电子资源: | ||
| ISBN: | 978-7-5506-0145-1 | |
| 000 | 00943nam0 2200289 450 | |
| 001 | 010050020346 | |
| 005 | 20181030170541.78 | |
| 010 | @a978-7-5506-0145-1@b精装@dCNY88.00,CNY880.00(全10册) | |
| 100 | @a20111010d2010 em y0chiy50 ea | |
| 101 | 0 | @achi |
| 102 | @aCN@b320000 | |
| 105 | @ay z 000ay | |
| 106 | @ar | |
| 200 | 1 | @a凌濛初全集@9ling meng chu quan ji@h柒@i《世说新语鼓吹》@f魏同贤,安平秋主编 |
| 210 | @a南京@c凤凰出版社@d2010.12 | |
| 215 | @a635页@d22cm | |
| 330 | @a《世说新语鼓吹》涵《世说新语》六卷、《世说新语补》四卷,为凌濛初考订、编纂王世贞所篡《世说新语补》而成。 | |
| 600 | 0 | @a凌蒙初@f(1580-1644)@j文集 |
| 600 | 0 | @a凌蒙初@f(1580-1644) |
| 606 | 0 | @a笔记小说@x小说集@y中国@z明代 |
| 606 | 0 | @a笔记小说 |
| 690 | @aC52@v5 | |
| 690 | @aI242.1@v5 | |
| 701 | 0 | @a魏同贤@9wei tong xian@4主编 |
| 701 | 0 | @a安平秋@9an ping qiu@4主编 |
| 801 | 0 | @aCN@bRENTIAN@c20111010 |
| 905 | @b1097912-14@dC52@e399:7@f3 | |
| 凌濛初全集.柒.《世说新语鼓吹》/魏同贤,安平秋主编.-南京:凤凰出版社,2010.12 |
| 635页;22cm |
| ISBN 978-7-5506-0145-1(精装):CNY88.00,CNY880.00(全10册) |
| 《世说新语鼓吹》涵《世说新语》六卷、《世说新语补》四卷,为凌濛初考订、编纂王世贞所篡《世说新语补》而成。 |
| ● |
| 相关链接 |
|
|
|
|
正题名:凌濛初全集
索取号:C52/399:7
 
预约/预借
| 序号 | 登录号 | 条形码 | 馆藏地/架位号 | 状态 | 备注 |
| 1 | 1097912 | 210979128 | 第一样本阅览室/ [索取号:C52/399:7] | 在馆 | |
| 2 | 1097913 | 210979137 | 教育系资料室/ [索取号:C52/399:7] | 在馆 | |
| 3 | 1097914 | 210979146 | 第一借阅区/ [索取号:C52/399:7] | 在馆 |